00632nam a22002057a 4500999001900000005001700019010001100036020000900047035001100056037001400067082000800081100003300089245004800122246004200170260003000212270002200242300002000264942002700284952011500311 c174325d17432520200605121405.0 a133333 c4.50 a133333 bBPPD/Pub. a847 aکپور، کنھیا لال aنرم گرم /cکنھیا لال کپور aNaram Garam /bby Kanhaiya Lal Kapoor aDelhibLajpatraic1957 ء aUrdu BazarbDelhi a191p.c19cm(Hb) 2ddccURh847mک پ و 001040708NFICaLbLd2020-06-05eBPPD/Ven.l0o847 ک پ وp133333r2020-06-05 00:00:00t1w2020-06-05yUR